[Event "AUTO-OPEN-1807"]
[Site "http://www.queenalice.com/game.php?id=810367"]
[Date "2010.7.29"]
[Round "2"]
[White "BOSQUES"]
[Black "GreyRaven"]
[Result "1-0"]
[WhiteElo "1791"]
[BlackElo "1741"]

1. d4 d6 2. c4 Nf6 3. Nc3 g6 4. Nf3 Bg7 5. e3 O-O 6. Bd2 Nc6 7. a3 Re8 8. Be2 a6
9. O-O e5 10. d5 Ne7 11. Bd3 c6 12. e4 Bg4 13. h3 Bxf3 14. Qxf3 cxd5 15. cxd5
Qb6 16. b4 Rec8 17. Be3 Qd8 18. Rac1 Rc7 19. Bb6 Rac8 20. Bxc7 Rxc7 21. a4 Nd7
22. b5 Nc5 23. bxa6 Nxd3 24. Qxd3 Nc8 25. axb7 Rxb7 26. Nb5 Ne7 27. Qa3 1-0

[Event "AUTO-OPEN-1807"]
[Site "http://www.queenalice.com/game.php?id=810368"]
[Date "2010.7.29"]
[Round "2"]
[White "GreyRaven"]
[Black "daniloartigas"]
[Result "0-1"]
[WhiteElo "1814"]
[BlackElo "1790"]

1. e4 d6 2. Nf3 Nf6 3. d3 g6 4. Bg5 Bg7 5. Nc3 O-O 6. Qd2 c5 7. Bh6 Nc6 8. Be2
Nd4 9. Nxd4 cxd4 10. Nd1 e5 11. f4 Bxh6 0-1

[Event "AUTO-OPEN-1807"]
[Site "http://www.queenalice.com/game.php?id=810369"]
[Date "2010.7.29"]
[Round "2"]
[White "daniloartigas"]
[Black "GreyRaven"]
[Result "1-0"]
[WhiteElo "1839"]
[BlackElo "1845"]

1. e4 d6 2. d4 Nf6 3. Nc3 g6 4. f4 Bg7 5. Bc4 O-O 6. Nf3 e5 7. fxe5 dxe5 8. Nxe5
Nbd7 9. Nf3 Nxe4 10. Nxe4 Re8 11. Ng5 Re7 12. O-O Nf6 13. Nxf6+ 1-0

[Event "AUTO-ADV-1871"]
[Site "http://www.queenalice.com/game.php?id=820081"]
[Date "2010.8.18"]
[Round "1"]
[White "Blutigeroo"]
[Black "GreyRaven"]
[Result "1-0"]
[WhiteElo "1832"]
[BlackElo "1848"]

1. Nf3 d6 2. g3 Nf6 3. Bg2 c5 4. O-O Bg4 5. d3 Nc6 6. h3 Bd7 7. e4 e6 8. c4 Be7
9. Re1 O-O 10. Be3 Rb8 11. Qd2 Qc7 12. Nc3 a6 13. d4 cxd4 14. Nxd4 Ne5 15. Rac1
Rfc8 16. Nce2 Qd8 17. b3 Nc6 18. f4 h6 19. g4 e5 20. Nf5 Bxf5 21. exf5 Rc7 22.
g5 hxg5 23. fxg5 Nh7 24. h4 g6 25. f6 Bf8 26. Bb6 1-0

[Event "AUTO-ADV-1871"]
[Site "http://www.queenalice.com/game.php?id=820082"]
[Date "2010.8.18"]
[Round "1"]
[White "GreyRaven"]
[Black "Blutigeroo"]
[Result "0-1"]
[WhiteElo "1810"]
[BlackElo "1921"]

1. e4 e5 2. Nf3 d6 3. Bc4 h6 4. d3 Nf6 5. O-O Be7 6. Bd2 O-O 7. Nc3 Bg4 8. Nd5
c6 9. Ne3 Bh5 10. Nf5 d5 11. Nxe7+ Qxe7 12. exd5 cxd5 13. Bb3 Nc6 14. Re1 Rfe8
15. Ba4 Rac8 16. h3 Qc7 17. c3 a6 18. Re3 b5 19. Bb3 e4 20. g4 Bg6 21. dxe4 Bxe4
22. Qe2 h5 23. Nh2 Re5 24. f4 Re7 25. Re1 Qxf4 26. Rf1 Qd6 27. gxh5 Rce8 28. Ng4
Nh7 29. Qf2 f5 30. Nh2 Ng5 31. Bd1 Ne5 32. Qh4 Qf6 33. Qe1 f4 34. Re2 Nef3+ 0-1

[Event "AUTO-ADV-1871"]
[Site "http://www.queenalice.com/game.php?id=820093"]
[Date "2010.8.18"]
[Round "1"]
[White "dladetto"]
[Black "GreyRaven"]
[Result "1-0"]
[WhiteElo "1953"]
[BlackElo "1831"]

1. d4 d6 2. e4 Nf6 3. f3 g6 4. c4 Bg7 5. Ne2 O-O 6. Nbc3 c6 7. Be3 Nbd7 8. Ng3
e5 9. Be2 exd4 10. Bxd4 Re8 11. O-O Ne5 12. Kh1 Be6 13. b3 Qa5 14. f4 c5 15.
fxe5 cxd4 16. Qxd4 Qxe5 17. Rad1 Qxd4 18. Rxd4 Red8 19. Rfd1 Bf8 20. Nb5 Ne8 21.
e5 a6 22. Nxd6 Nxd6 23. exd6 Bd7 24. c5 Ra7 25. Ne4 Bg7 26. R4d3 Re8 27. Bf3 b6
28. cxb6 1-0

[Event "AUTO-ADV-1871"]
[Site "http://www.queenalice.com/game.php?id=820094"]
[Date "2010.8.18"]
[Round "1"]
[White "GreyRaven"]
[Black "dladetto"]
[Result "0-1"]
[WhiteElo "1820"]
[BlackElo "1964"]

1. e4 e5 2. Nf3 Nf6 3. d3 Nc6 4. g3 Bc5 5. Bg2 O-O 6. Nc3 Re8 7. O-O a6 8. Bg5
h6 9. Bxf6 Qxf6 10. Nd5 Qd8 11. c3 d6 12. Qd2 Ne7 13. c4 c6 14. Ne3 Be6 15. Rab1
a5 16. a3 Ng6 17. b4 axb4 18. axb4 Bb6 19. b5 Bc5 20. Qb2 Re7 21. Rfe1 Ra3 22.
Qc2 Qa8 23. bxc6 bxc6 24. Rb2 Rea7 25. Nf1 Ra2 26. Reb1 Rxb2 27. Rxb2 Bg4 28. h3
Bxf3 29. Bxf3 Bd4 30. Rb3 Ra2 31. Qb1 Kh7 32. Rb8 Qa5 33. Rh8+ Nxh8 0-1

[Event "ivanov"]
[Site "http://www.queenalice.com/game.php?id=821560"]
[Date "2010.8.22"]
[Round "4"]
[White "GreyRaven"]
[Black "cme"]
[Result "0-1"]
[WhiteElo "1798"]
[BlackElo "2067"]

1. e4 e5 2. Nf3 Nc6 3. g3 Nf6 4. Nc3 Bc5 5. Bg2 d6 6. d3 Be6 7. O-O Qd7 8. Bg5
h6 9. Bxf6 gxf6 10. a3 Ne7 11. b4 Bd4 12. Nxd4 exd4 13. Ne2 Bh3 14. Nxd4 h5 15.
Qf3 h4 16. Qxf6 O-O-O 17. Qf3 hxg3 18. fxg3 Rh7 19. c4 Rdh8 20. Ra2 Bg4 21. Qe3
Rxh2 22. Raf2 Bh3 23. Nf3 Rxg2+ 24. Rxg2 Bxg2 25. Qxa7 Rh1+ 26. Kf2 Qg4 27. Rxh1
Qxf3+ 28. Ke1 Bxh1 0-1

[Event "AUTO-ADV-1886"]
[Site "http://www.queenalice.com/game.php?id=826452"]
[Date "2010.9.1"]
[Round "1"]
[White "GreyRaven"]
[Black "reynegro64"]
[Result "0-1"]
[WhiteElo "1775"]
[BlackElo "1762"]

1. e4 c5 2. Nf3 e6 3. g3 d5 4. exd5 exd5 5. Bg2 Nf6 6. O-O Be7 7. d3 O-O 8. Re1
Nc6 9. b3 Bg4 10. Nbd2 Re8 11. Bb2 Qd7 12. c4 d4 13. Qc1 Bd6 14. h3 Bxh3 15. Ng5
Bxg2 16. Kxg2 Ne5 17. Qc2 h6 18. Nge4 Nxe4 19. Nxe4 f5 20. Nxd6 Qxd6 21. Qd2
Qc6+ 22. Kf1 Qh1+ 23. Ke2 Nf3+ 0-1

[Event "AUTO-ADV-1886"]
[Site "http://www.queenalice.com/game.php?id=826453"]
[Date "2010.9.1"]
[Round "1"]
[White "reynegro64"]
[Black "GreyRaven"]
[Result "1-0"]
[WhiteElo "1744"]
[BlackElo "1793"]

1. e4 d6 2. d4 Nf6 3. Nc3 g6 4. f4 Bg7 5. Nf3 O-O 6. Bd3 c6 7. O-O Nbd7 8. e5
dxe5 9. fxe5 Ne8 10. Ne4 b5 11. c3 Nc7 12. b3 Nd5 13. c4 bxc4 14. Bxc4 N7b6 15.
Bg5 Nxc4 16. bxc4 Nc7 17. Qd2 Rb8 18. Rab1 Ba6 19. Rxb8 Qxb8 20. Rc1 e6 21. Bf6
Ne8 22. Be7 1-0

[Event "AUTO-ADV-1886"]
[Site "http://www.queenalice.com/game.php?id=826454"]
[Date "2010.9.1"]
[Round "1"]
[White "GreyRaven"]
[Black "KAXY"]
[Result "0-1"]
[WhiteElo "1718"]
[BlackElo "1676"]

1. e4 e5 2. Nf3 d6 3. g3 Bg4 4. Bg2 Nf6 5. d3 h6 6. O-O Nc6 7. Nc3 Nd4 8. Be3
Nxf3+ 9. Bxf3 Bh3 10. Bg2 Bxg2 11. Kxg2 c6 12. f4 Be7 13. Ne2 Ng4 14. Qd2 Nxe3+
15. Qxe3 exf4 16. gxf4 Qd7 17. f5 Bg5 18. Qf3 O-O-O 19. a4 g6 20. Ng3 Bf6 21. c3
g5 22. b4 Bxc3 23. Rab1 f6 24. Nh5 d5 25. b5 dxe4 26. dxe4 Be5 27. bxc6 bxc6 28.
Qb3 Rh7 29. Qb8+ Bxb8 0-1

[Event "AUTO-ADV-1886"]
[Site "http://www.queenalice.com/game.php?id=826455"]
[Date "2010.9.1"]
[Round "1"]
[White "KAXY"]
[Black "GreyRaven"]
[Result "1-0"]
[WhiteElo "1744"]
[BlackElo "1758"]

1. d4 d6 2. e4 Nf6 3. Nc3 g6 4. Nge2 Bg7 5. Ng3 O-O 6. Bd3 c6 7. Bg5 Nbd7 8.
Bxf6 Nxf6 9. O-O Re8 10. a4 e5 11. d5 cxd5 12. Nxd5 Nxd5 13. exd5 Qa5 14. c4 Bd7
15. b3 e4 16. Nxe4 Bxa1 17. Qxa1 Re5 18. Nf6+ 1-0

[Event "AUTO-INT-1555"]
[Site "http://www.queenalice.com/game.php?id=827187"]
[Date "2010.9.3"]
[Round "3"]
[White "Jobson"]
[Black "GreyRaven"]
[Result "0-1"]
[WhiteElo "1784"]
[BlackElo "1710"]

1. e4 d6 2. d4 Nf6 3. Nc3 g6 4. Nf3 Bg7 5. Be2 O-O 6. O-O Nbd7 7. b3 e5 8. d5 c6
9. Bc4 Nc5 10. Re1 Bg4 11. h3 Bxf3 12. Qxf3 Rc8 13. b4 Ncd7 14. Be3 cxd5 15.
Nxd5 Rxc4 16. Rac1 Nxd5 17. exd5 Rxb4 18. Bxa7 Rb2 19. Qa3 Rb6 20. Bxb6 Nxb6 21.
c4 Qe7 22. Qb3 Na8 23. a4 Bh6 24. Rb1 Rb8 25. a5 Bd2 26. Re4 Bxa5 27. Ra1 Bd8
28. Ra7 f5 29. Re2 Nb6 30. f4 Nc8 31. Raa2 e4 32. Rac2 Qh4 33. Qe3 Bb6 34. c5
Bxc5 35. Rxc5 dxc5 36. Rc2 b6 37. Kh2 h6 38. g3 Qd8 39. Qb3 Qd6 40. Rd2 b5 41.
h4 Ne7 42. Kh3 c4 43. Qd1 c3 44. Rd4 b4 45. Qb3 Kg7 46. Rd1 Rb5 47. Qc4 Rxd5 48.
Rxd5 Nxd5 49. Qd4+ Kf7 50. Qc4 e3 51. Kg2 Qe6 52. Kf1 Nxf4 53. Qxb4 e2+ 54. Ke1
Ng2+ 55. Kf2 e1=Q+ 56. Kxg2 Q6e2+ 57. Kh3 Qh1# 0-1

[Event "AUTO-INT-1555"]
[Site "http://www.queenalice.com/game.php?id=827188"]
[Date "2010.9.3"]
[Round "3"]
[White "GreyRaven"]
[Black "Jobson"]
[Result "0-1"]
[WhiteElo "1733"]
[BlackElo "1769"]

1. e4 e5 2. Nf3 Nc6 3. g3 Nf6 4. d3 Bc5 5. Bg2 h6 6. O-O d6 7. Nbd2 Be6 8. c3
Qd7 9. Kh1 Bh3 10. Ng1 Bxg2+ 11. Kxg2 h5 12. f4 Ng4 13. Nb3 Ne3+ 14. Bxe3 Bxe3
15. f5 f6 16. Rf3 Bb6 17. a4 Bxg1 18. Kxg1 O-O-O 19. d4 Kb8 20. d5 Ne7 21. c4
Rdf8 22. c5 Qe8 23. Rc3 h4 24. g4 g6 25. a5 a6 26. Nd2 gxf5 27. cxd6 cxd6 28. b4
fxg4 29. Nf1 Rfg8 30. Rac1 Qb5 31. Rc7 Re8 32. Qe1 Ng6 33. Ne3 g3 34. hxg3 hxg3
35. Rg7 Nf4 36. Rcc7 Ne2+ 37. Kg2 Rh2+ 38. Kf3 Rf2+ 39. Kg4 Rf4+ 40. Kh3 Rh8+
41. Kg2 Rh2# 0-1

[Event "QA-ANNIV-06"]
[Site "http://www.queenalice.com/game.php?id=836892"]
[Date "2010.9.23"]
[Round "2"]
[White "GreyRaven"]
[Black "robinud"]
[Result "1-0"]
[WhiteElo "1727"]
[BlackElo "1879"]

1. e4 e5 2. Nf3 d6 3. g3 Nf6 4. d3 g6 5. Bg2 Bg7 6. c3 a5 7. Nbd2 b5 8. d4 O-O
9. O-O Bg4 10. Qb3 Bxf3 11. Bxf3 exd4 12. cxd4 Re8 13. Re1 b4 14. a3 bxa3 15.
Rxa3 Nfd7 16. e5 dxe5 17. Bxa8 exd4 18. Rxe8+ Qxe8 19. Kf1 Nc5 20. Qf3 a4 21.
Qd1 c6 22. b4 axb3 23. Nxb3 Nxb3 24. Qxb3 Bf8 25. Ra4 1-0

[Event "AUTO-ADV-1652"]
[Site "http://www.queenalice.com/game.php?id=845811"]
[Date "2010.10.14"]
[Round "3"]
[White "animis"]
[Black "GreyRaven"]
[Result "1/2-1/2"]
[WhiteElo "1916"]
[BlackElo "1759"]

1. d4 d6 2. e4 Nf6 3. Nc3 g6 4. Nf3 Bg7 5. Bd3 c6 6. O-O O-O 7. h3 Re8 8. Be3 b5
9. a3 e5 10. Ne2 Nbd7 11. c3 Bb7 12. Qc2 c5 13. dxe5 Nxe5 14. Nxe5 Rxe5 15. Bxb5
Bxe4 16. Bd3 Bxd3 17. Qxd3 Nd5 18. Bd2 Qb6 19. Rab1 Rae8 20. Ng3 Nc7 21. Bf4
R5e6 22. Rfd1 Bf8 23. Kh1 Rf6 24. Be3 d5 25. Qd2 Qc6 26. Bg5 Rfe6 27. Be3 a6 28.
Ne2 f6 29. Nf4 Rd6 30. Nd3 Ne6 31. Qc1 a5 32. Qc2 c4 33. Ne1 Nc5 34. Bd4 Bg7 35.
Nf3 Rde6 36. Be3 Qd6 1/2-1/2

[Event "AUTO-ADV-1652"]
[Site "http://www.queenalice.com/game.php?id=845812"]
[Date "2010.10.14"]
[Round "3"]
[White "GreyRaven"]
[Black "animis"]
[Result "0-1"]
[WhiteElo "1700"]
[BlackElo "1910"]

1. e4 e5 2. Nf3 Nc6 3. Bc4 Nf6 4. d3 Be7 5. Bd2 O-O 6. O-O a6 7. c3 d6 8. Qe2
Na5 9. b3 b5 10. b4 Nxc4 11. dxc4 bxc4 12. Qxc4 Bb7 13. Re1 Qd7 14. a4 Rac8 15.
b5 d5 16. exd5 Bxd5 17. Qe2 Bxf3 18. Qxf3 axb5 19. axb5 Qxb5 20. Qf5 Bd6 21. Bg5
Nd5 22. Qc2 Qd7 23. Nd2 h6 24. Bh4 Nf4 25. Bg3 Ng6 26. Nc4 Qb5 27. Na3 Qc5 28.
h3 Rfe8 29. Kh1 Ra8 0-1

[Event "AUTO-ADV-1652"]
[Site "http://www.queenalice.com/game.php?id=845815"]
[Date "2010.10.14"]
[Round "3"]
[White "GreyRaven"]
[Black "erivaldoadao"]
[Result "1-0"]
[WhiteElo "1685"]
[BlackElo "1922"]

1. e4 c5 2. Nf3 Nc6 3. g3 d6 4. Bg2 e5 5. O-O Nf6 6. d3 Be7 7. Bd2 O-O 8. Bc3 a5
9. Nbd2 b5 10. b3 a4 11. a3 b4 12. Bb2 axb3 13. cxb3 bxa3 14. Rxa3 Rxa3 15. Bxa3
Ba6 16. Nc4 Bxc4 17. bxc4 Qa5 18. Qb3 Rb8 19. Qa2 Qc3 20. Rd1 Ra8 21. Bb2 Rxa2
22. Bxc3 Rc2 23. Bd2 Bd8 24. Bf1 Ba5 25. Bxa5 Nxa5 26. Ra1 1-0

[Event "AUTO-ADV-1652"]
[Site "http://www.queenalice.com/game.php?id=845816"]
[Date "2010.10.14"]
[Round "3"]
[White "erivaldoadao"]
[Black "GreyRaven"]
[Result "1-0"]
[WhiteElo "1915"]
[BlackElo "1692"]

1. e4 d6 2. Nf3 Nf6 3. Nc3 g6 4. Be2 Bg7 5. d3 O-O 6. O-O e5 7. Bg5 c6 8. b4 b5
9. a4 bxa4 10. Nxa4 Nbd7 11. c4 Bb7 12. c5 Qc7 13. Nc3 dxc5 14. b5 cxb5 15. Nxb5
Qb6 16. Rb1 Ba6 17. Nc3 Qc6 18. h3 h6 19. Bxf6 Bxf6 20. Nd5 Rfb8 21. Rxb8+ Rxb8
22. Qc2 Bg7 23. Ne7+ 1-0

[Event "Let's Play Chess!"]
[Site "http://www.queenalice.com/game.php?id=864058"]
[Date "2010.11.26"]
[Round "-"]
[White "gustavline"]
[Black "GreyRaven"]
[Result "1-0"]
[WhiteElo "1713"]
[BlackElo "1765"]

1. e4 d6 2. d4 g6 3. Nf3 Bg7 4. Nc3 Nf6 5. Bd3 c6 6. O-O O-O 7. a4 Nbd7 8. b4 e5
9. dxe5 dxe5 10. Ne2 Ne8 11. c4 c5 12. b5 b6 13. Nc3 Nc7 14. Ne1 Bb7 15. Nc2 Nf6
16. h4 h5 17. Bg5 Qd6 18. Bxf6 Bxf6 19. g3 Rad8 20. Be2 a6 21. Qxd6 Rxd6 22. Ne3
Rfd8 23. Ned5 Nxd5 24. cxd5 axb5 25. Nxb5 R6d7 26. Ra2 Ba6 27. Rfa1 Rc8 28. a5
bxa5 29. Rxa5 Bxb5 30. Bxb5 Rd6 31. Bc6 Kf8 32. Rxc5 Be7 33. Ra7 Rb8 34. Rc4
Rb1+ 35. Kg2 f6 36. Bd7 Kf7 37. Be6+ Kf8 38. Rcc7 1-0

[Event "QA-ANNIV-06"]
[Site "http://www.queenalice.com/game.php?id=885021"]
[Date "2011.1.12"]
[Round "3"]
[White "falekhine"]
[Black "GreyRaven"]
[Result "1-0"]
[WhiteElo "2131"]
[BlackElo "1747"]

1. d4 d6 2. c4 Nf6 3. Nc3 Bd7 4. Nf3 c5 5. dxc5 dxc5 6. e3 e6 7. b3 Nc6 8. a3
Be7 9. Bd3 O-O 10. Bb2 a6 11. O-O Qc7 12. Qe2 Rfd8 13. Rad1 Na5 14. Bc2 Nc6 15.
Rd2 1-0